000 01431nam a2200337 a 4500
001 BRCA_8257
005 20190320210211.0
008 300514s1761----gw-a###f##---#001-0#ita-#
041 _aita
044 _agw
050 4 _aDG678.31
_b.S2 1761
100 1 _aSarpi, Paolo
_d1552-1623
_920612
245 1 0 _aOpere di F. Paolo Sarpi Servita
_bteologo e consultore della Serenissima Republica di Venezia
_cPaolo Sarpi.
260 _aHelmstat, Alemania
_bJacopo Mulleri
_c1761
300 _aT. I y TII; viii, 443 p.
_bil. 13 láminas
_c29 cm.
500 _aEl ejemplar contiene 13 grabados en acero
500 _aFondo antiguo
500 _aEjemplar se encuentra en caja fuerte
500 _aT-29
500 _aIncluye índice
500 _aIncluye sumario del libro primo, secondo, terzo, quarto, quinto, sesto, settimo, ottavo
500 _aIncluye apéndice
500 _aCon Ex-libris de: Franz Mayer
505 0 _aTomo primo: che contiene le memorie spettanti alla vita, ed i primi cuattro libri della storia del Concilio Tridentino. Tomo secondo: che gli ultimi quatro libro de´ll historia del Concilio Tridentino, año 1763
506 0 _aFondo reservado: para su consulta es necesario credencial de usuario y carta de motivos
650 1 4 _aInquisición
_zItalia
_920613
651 4 _aVenecia, Italia
_xConcilio Tridentino
_920614
651 4 _aVenecia, Italia
_xHistoria
_916297
902 _aLAR
942 _2lcc
_cB
999 _c7925
_d7925